Biological management of soil ecosystems for sustainable agriculture: Report of the International Technical Workshop organized by EMBRAPA-Soybean and FAO, Londrina, Brazil, 24 to 27 June 2002

Αποθηκεύτηκε σε:
Λεπτομέρειες βιβλιογραφικής εγγραφής
Μορφή: Βιβλίο
Γλώσσα:Undetermined
Έκδοση: Rome, Italy FAO 2003
Θέματα:
Ετικέτες: Προσθήκη ετικέτας
Δεν υπάρχουν, Καταχωρήστε ετικέτα πρώτοι!
Thư viện lưu trữ: Trung tâm Học liệu Trường Đại học Cần Thơ
LEADER 00557nam a2200157Ia 4500
001 CTU_58522
008 210402s9999 xx 000 0 und d
082 |a 631.4 
082 |b W927 
245 0 |a Biological management of soil ecosystems for sustainable agriculture: Report of the International Technical Workshop organized by EMBRAPA-Soybean and FAO, Londrina, Brazil, 24 to 27 June 2002 
260 |a Rome, Italy 
260 |b FAO 
260 |c 2003 
650 |a soil management 
904 |i Minh 
980 |a Trung tâm Học liệu Trường Đại học Cần Thơ